000 00926nas a2200289 4500
001 BR0701654
003 BR-BrBNA
005 20231205110657.0
007 ta
008 230509b bl.|||p| |||| 00| 00por d
040 _aBR-BrBNA
_bpor
_cBiblioteca Nacional de Agricultura
041 _a(Pt)
072 _aF02; P34
100 1 _aMartins, C.A. da C.
100 1 _aPortz, A.
100 1 _aBrasil, F. da C.
100 1 _aSilva, E.M.R. da
100 1 _aLima, E.
100 1 _aZonta, E.
245 1 _aPré-enraizamento de mudas de mandioquinha-salsa em diferentes bandejas e substratos com fungos micorrízicos arbusculares
650 _aMANDIOQUINHA-SALSA
650 _aENRAIZAMENTO
650 _aMICORRIZA VESICULAR ARBUSCULAR
773 0 _tCiência e Agrotecnologia (Brazil)
_xISSN 1413-7054
_g(Jan-Feb 2007), v. 31(1) p. 106-112
_wBR0701654
909 _a202311
_bLúcia
_c55
_dLúcia Elande
942 _2AGRIS
_n0
_cANA
999 _c188498
_d188498